[Event "Lost Boys Open"]
[Site "Amsterdam NED"]
[Date "2002.08.02"]
[Round "8"]
[White "Krnic,Z"]
[Black "Bakker,S"]
[Result "1/2-1/2"]
[WhiteElo "2365"]
[BlackElo "2149"]

1.Nf3 d5 2.c4 c6 3.b3 Bg4 4.Ne5 Bf5 5.d4 e6 6.a3 Nd7 7.Nxd7 Qxd7 8.Bb2 Nf6
9.Nd2 Bd6 10.g3 O-O 11.Bg2 Rfe8 12.O-O b5 13.Re1 Rac8 14.e4 dxe4 15.Nxe4 Nxe4
16.Bxe4 Bg6 17.h4 Be7 18.h5 Bxe4 19.Rxe4 f5 20.Re3 Bf6 21.Qe2 bxc4 22.bxc4 c5
23.dxc5 Bxb2 24.Qxb2 Rxc5 25.Qe2 Qc6 26.Re1 Rxc4 27.Rxe6 Rxe6 28.Qxe6+ Qxe6
29.Rxe6 Ra4 30.Re3 Kf7 31.f4 Kf6 32.Kf2 g6 33.hxg6  1/2-1/2

[Event "Open"]
[Site "Davos SUI"]
[Date "2002.08.05"]
[Round "2"]
[White "Weiland,G"]
[Black "Misiano,F"]
[Result "0-1"]
[WhiteElo "2016"]
[BlackElo "2218"]

1.Nf3 d5 2.c4 c6 3.g3 Nf6 4.d4 e6 5.Bg2 Be7 6.O-O Nbd7 7.Qc2 O-O 8.Nbd2 b6
9.Re1 Bb7 10.b3 Rc8 11.Bb2 c5 12.Rac1 b5 13.Qb1 Qb6 14.cxb5 Qxb5 15.dxc5 Bxc5
16.e3 Qb6 17.a3 a5 18.Bd4 Rfe8 19.Rxc5 Nxc5 20.b4 axb4 21.axb4 Nfd7 22.bxc5 Qc7
23.Nb3 e5 24.Ba1 f6 25.Rc1 Bc6 26.Nfd2 Rb8 27.Qd3 e4 28.Qd4 Ne5 29.Bf1 Rxb3  0-1

[Event "V Open"]
[Site "Banyoles ESP"]
[Date "2002.08.07"]
[Round "5"]
[White "Mirzoev,A"]
[Black "Fluvia Poyatos,J"]
[Result "1/2-1/2"]
[WhiteElo "2498"]
[BlackElo "2449"]

1.Nf3 d5 2.c4 e6 3.g3 c5 4.Bg2 Nc6 5.O-O Nf6 6.b3 d4 7.e3 e5 8.exd4 exd4
9.Re1+ Be7 10.d3 h6 11.Nbd2 O-O 12.Ne5 Nxe5 13.Rxe5 Qc7 14.Re1 Bg4 15.Qc2 Rfe8
16.Nf3 Bd6 17.Bd2 Rab8 18.a3 a5 19.Rab1 b5 20.Rec1 b4 21.axb4 axb4 22.Ra1 Ra8
23.Rxa8 Rxa8 24.Nxd4 Rd8 25.Nb5 Qd7 26.Be3 Bf5 27.Qe2 Re8 28.Qd2 Ng4 29.d4 Nxe3
30.fxe3 Be7 31.Re1 Bg5 32.h4 Bf6 33.Rf1 Bg6 34.Rf2 Qe7 35.Kh2 Rd8 36.Kg1 Be5
37.Rf3 Be4 38.Qf2 Bxf3 39.Bxf3 Bf6 40.Kg2 g6 41.Bd5 Kg7 42.dxc5 Qxc5 43.e4 Qe7
44.c5 Rxd5 45.exd5 Qe4+ 46.Qf3 Qc2+ 47.Kh3 Qxc5 48.Qd3 Qg1 49.Qf3 Be5 50.h5 Bxg3
51.Qxg3 Qh1+ 52.Qh2 Qf3+ 53.Qg3 Qxh5+ 54.Qh4 Qf3+ 55.Qg3 Qh1+ 56.Qh2 Qf1+
57.Kg3 Qxb5 58.Qb2+ Kf8 59.Qd4 Ke7 60.Kf2 Qb8 61.Qe3+ Kd7 62.Qh3+ Ke8 63.Qe3+ Kd8
64.Qxh6 Qb6+ 65.Kf3 Qf6+ 66.Ke4 Kd7 67.Qh3+ Qf5+ 68.Qxf5+ gxf5+ 69.Kxf5 Kd6
70.Ke4 f5+ 71.Kd4 f4 72.Ke4 f3 73.Kxf3 Kxd5 74.Ke3 Ke5  1/2-1/2

[Event "Proclient Cup"]
[Site "Olomouc CZE"]
[Date "2002.08.07"]
[Round "8"]
[White "Chytilek,R"]
[Black "Pisk,P"]
[Result "1/2-1/2"]
[WhiteElo "2380"]
[BlackElo "2345"]

1.Nf3 d5 2.c4 e6 3.g3 Nf6 4.Bg2 Be7 5.O-O O-O 6.b3 c5 7.e3 Nc6 8.Bb2 d4 9.exd4 cxd4
10.Re1 Bc5 11.d3 Re8 12.a3 a5 13.Ne5 Qc7 14.f4 Rb8 15.Nd2 Nxe5 16.Rxe5 b6  1/2-1/2

[Event "Ladies"]
[Site "Stockholm SWE"]
[Date "2002.08.07"]
[Round "5"]
[White "Tetenkina,I"]
[Black "Berg,Su"]
[Result "1-0"]
[WhiteElo "2221"]
[BlackElo "2056"]

1.Nf3 d5 2.c4 e6 3.g3 c6 4.b3 Nf6 5.Bg2 Nbd7 6.Bb2 Bd6 7.O-O O-O 8.d4 Qe7
9.Nc3 b6 10.Re1 Bb7 11.e4 dxe4 12.Nxe4 Nxe4 13.Rxe4 Ba3 14.Bxa3 Qxa3 15.Re2 Qd6
16.Qc2 Nf6 17.c5 Qc7 18.Ne5 b5 19.g4 Nd5 20.Be4 h6 21.Qd2 Qd8 22.Rf1 f5 23.Bxd5 exd5
24.f4 fxg4 25.Nxg4 Bc8 26.Ne5 Qf6 27.f5 a5 28.Rg2 b4 29.Rg6 Qh4 30.f6 Ra7
31.Nxc6 Bh3 32.Rf4 Qh5 33.Rg3 Raf7 34.fxg7 Rxg7 35.Rxf8+ Kxf8 36.Qf4+ Rf7
37.Qd6+ Ke8 38.Qd8+  1-0

[Event "Stork Young Masters"]
[Site "Hengelo NED"]
[Date "2002.08.08"]
[Round "6"]
[White "Nyback,T"]
[Black "Rainfray,A"]
[Result "1/2-1/2"]
[WhiteElo "2459"]
[BlackElo "2374"]

1.Nf3 d5 2.c4 e6 3.b3 Nf6 4.g3 Be7 5.Bg2 O-O 6.O-O Nbd7 7.Bb2 c6 8.d3 b6
9.Nbd2 Bb7 10.Rc1 Rc8 11.Rc2 Rc7 12.Qa1 Qa8 13.cxd5 exd5 14.Rfc1 Re8 15.Ne5 c5
16.Nxd7 Rxd7 17.d4 Ba6 18.Nf1 Ne4 19.Bxe4 dxe4 20.dxc5 Bxc5 21.Bxg7 e3 22.f3 f5
23.Bh6 Re6 24.Rd1 Qb7 25.Rxd7 Qxd7 26.Bf4 Bd3 27.Qd1 Qb5 28.Rxc5 bxc5 29.Nxe3 Bxe2
30.Qd5 Qc6 31.Qxf5 Bxf3 32.Be5 Rg6 33.Bc3 Qe4 34.Qc8+ Kf7 35.Qd7+ Kf8 36.Nf5 Qb1+
37.Kf2 Qc2+ 38.Bd2 Qe4 39.Bh6+ Rxh6 40.Qd8+ Kf7 41.Nxh6+ Kg6 42.Qd6+ Kg7
43.Qd2 Bh5 44.g4 Bg6 45.g5 Qh4+ 46.Kg1 Be4 47.Kf1 Kg6 48.Qd6+ Kh5 49.Ng8 Qh3+
50.Ke1 Qe3+ 51.Kd1 Qg1+ 52.Ke2 Qg2+ 53.Ke1 Qg1+ 54.Ke2 Qg2+ 55.Ke1  1/2-1/2

[Event "V Open"]
[Site "Banyoles ESP"]
[Date "2002.08.09"]
[Round "7"]
[White "Mirzoev,A"]
[Black "Campos Moreno,J"]
[Result "1/2-1/2"]
[WhiteElo "2498"]
[BlackElo "2493"]

1.Nf3 d5 2.c4 e6 3.g3 Nf6 4.Bg2 dxc4 5.Qa4+ c6 6.Qxc4 b5 7.Qc2 Bb7 8.O-O Nbd7
9.b3 Rc8 10.Bb2 Be7 11.d3 O-O 12.Nbd2 Qb6 13.Rac1 c5 14.Qb1 Rfd8 15.Qa1 Bf8
16.Rc2 a6 17.Rfc1 Qa7 18.h4 h5 19.Bh3 Ng4 20.Ne4 Bxe4 21.dxe4 c4 22.Bd4 Bc5
23.bxc4 Bxd4 24.Nxd4 Ndf6 25.e3 bxc4 26.Rxc4 Rxc4 27.Rxc4 Qd7 28.Qb1 Rc8
29.Bf1 Rxc4 30.Bxc4 Qa4 31.Bd3 g6 32.Kg2 Kg7 33.Qb2 a5 34.Nf3 Qd7 35.Qb3 Qc7
36.Ng5 Ne8 37.Bc4 Nef6 38.Bb5 Ne5 39.Be2 Ned7 40.a4 Ne5 41.Nf3 Nxf3 42.Kxf3 e5
43.Qc4 Qxc4 44.Bxc4 Ne8 45.Bd5 Nd6 46.Ke2 f6 47.f4 Kh6 48.Kf3  1/2-1/2

[Event "Open"]
[Site "Davos SUI"]
[Date "2002.08.09"]
[Round "6"]
[White "Weiland,G"]
[Black "De Andres Gonalons,F"]
[Result "1/2-1/2"]
[WhiteElo "2016"]
[BlackElo "2150"]

1.Nf3 d5 2.c4 e6 3.d4 c5 4.dxc5 Qa5+ 5.Bd2 Qxc5 6.cxd5 exd5 7.g3 Nf6 8.Bg2 Nc6
9.O-O Be7 10.Bc3 Qb6 11.Nbd2 O-O 12.Nb3 Ne4 13.Qxd5 Nxc3 14.bxc3 Be6 15.Qh5 Bf6
16.Nfd4 Nxd4 17.Nxd4 g6 18.Qf3 Bxd4 19.cxd4 Qxd4 20.e3 Qa4 21.Qf6 Rab8 22.Rfc1 Rfd8
23.h4 Qa5 24.a4 Rd2 25.Rd1 Rxd1+ 26.Rxd1 Qxa4 27.Ra1 Qc2 28.Rxa7 Qd1+ 29.Kh2 b5
30.Qb2 h5 31.Ra8 Rxa8 32.Bxa8 Qe1 33.Kg2 Bc4 34.Be4 b4 35.Kf3 Be6 36.Kf4 Qc3
37.Qxc3 bxc3 38.Bc2 Kg7 39.e4 f6 40.f3 Kh6 41.Ke3 g5 42.Kd4 gxh4 43.gxh4 Kg7
44.Kxc3 Kf8 45.Kd4 Ke7 46.e5 Kf7 47.Ba4 Bc8 48.Bb3+ Ke7 49.Bd5 Bh3 50.Ke4 Bg2
51.Kf4 fxe5+ 52.Kxe5 Bxf3  1/2-1/2

[Event "Open"]
[Site "Davos SUI"]
[Date "2002.08.09"]
[Round "6"]
[White "Goldstern,F"]
[Black "Papa,S"]
[Result "0-1"]
[WhiteElo "2372"]
[BlackElo "2275"]

1.Nf3 d5 2.c4 c6 3.e3 Nf6 4.Nc3 a6 5.d4 b5 6.cxd5 cxd5 7.Ne5 e6 8.Bd2 Nbd7
9.a4 b4 10.Na2 Nxe5 11.dxe5 Ne4 12.Bd3 a5 13.O-O Be7 14.Nc1 O-O 15.Nb3 f6
16.exf6 Bxf6 17.f3 Nd6 18.Qc2 h6 19.e4 Qb6+ 20.Kh1 Nc4 21.exd5 exd5 22.Bxh6 Bxb2
23.Bxc4 dxc4 24.Qxb2 Qxh6 25.Nxa5 Rxa5 26.Qxb4 Rh5 27.Qxc4+ Be6 28.Qc7 Rf4
29.h3 Rxh3+ 30.Kg1 Qh4  0-1

[Event "Open"]
[Site "Davos SUI"]
[Date "2002.08.10"]
[Round "7"]
[White "Hobuss,W"]
[Black "Schweizer,R"]
[Result "1-0"]
[WhiteElo "2123"]
[BlackElo "2014"]

1.Nf3 d5 2.c4 e6 3.g3 Nf6 4.Bg2 c5 5.d4 Nc6 6.O-O cxd4 7.Nxd4 Bc5 8.Nxc6 bxc6
9.Qc2 Be7 10.Rd1 O-O 11.b3 Bb7 12.Bb2 Qa5 13.Nd2 c5 14.e4 d4 15.e5 Bxg2 16.exf6 Bb7
17.fxe7 Rfe8 18.a3 e5 19.Re1 Rxe7 20.b4 Qb6 21.f3 cxb4 22.c5 Qd8 23.axb4 Bd5
24.Ra6 f6 25.Rd6 Rd7 26.Rxd7 Qxd7 27.Ra1 Qb5 28.Ne4 f5 29.Nd6 Qxb4 30.Nxf5 Bxf3
31.Ba3 Qb5 32.Rb1 Qe8 33.Qb3+ Qf7 34.Qxf3 Rf8 35.g4 Kh8 36.c6 Qa2 37.Bxf8 Qxb1+
38.Qf1 Qe4 39.Bxg7+ Kg8 40.h3 h5 41.c7 Qb7 42.Qc4+ Kh7 43.c8=Q  1-0

[Event "11th Open"]
[Site "Kavala GRE"]
[Date "2002.08.11"]
[Round "2"]
[White "Ionescu,Cr"]
[Black "Malakhatko,V"]
[Result "1/2-1/2"]
[WhiteElo "2242"]
[BlackElo "2516"]

1.Nf3 d5 2.c4 e6 3.g3 Nf6 4.Bg2 Be7 5.O-O O-O 6.b3 a5 7.d4 a4 8.Ba3 Bxa3
9.Nxa3 Qe7 10.Nb5 c6 11.Nc3 axb3 12.axb3 Rxa1 13.Qxa1 Nbd7 14.Qb2 Re8 15.e3 h6
16.Ra1 dxc4 17.bxc4 e5 18.d5 e4 19.Nd2 Nc5 20.Qa3 Bf5 21.Nb3 Nfd7 22.Nxc5 Nxc5
23.Qb4 Qf6 24.Qxc5 Qxc3 25.Qa5 Qxa5 26.Rxa5 cxd5 27.Rxd5 g6 28.h3 h5 29.Rd4 b6
30.g4 hxg4 31.hxg4 Bxg4 32.Bxe4 Be6 33.Bd5 Kg7 34.Bxe6 Rxe6 35.Rd5 Rc6 36.Rb5 f5
37.Kg2 Kf6 38.f4  1/2-1/2

[Event "6th HZ Open"]
[Site "Vlissingen NED"]
[Date "2002.08.11"]
[Round "9"]
[White "Van Beek,A"]
[Black "Stefanova,A"]
[Result "0-1"]
[WhiteElo "2259"]
[BlackElo "2497"]

1.Nf3 d5 2.c4 c6 3.b3 dxc4 4.bxc4 e5 5.Qc2 Nd7 6.g3 Ngf6 7.Nc3 Bd6 8.Bg2 Nc5
9.O-O h6 10.d3 O-O 11.Nd2 Bf5 12.a4 Qd7 13.Rd1 Bh3 14.Bh1 Ng4 15.Nde4 Nxe4
16.Nxe4 Be7 17.Ba3 Bxa3 18.Rxa3 f5 19.Nc3 f4 20.Bf3 Nxf2 21.Kxf2 Qd4+ 22.Ke1 Qg1+
23.Kd2 Qe3+ 24.Ke1 fxg3 25.Qc1 Qf2+ 26.Kd2 Rxf3 27.hxg3 Rxg3  0-1

[Event "11th Open"]
[Site "Kavala GRE"]
[Date "2002.08.12"]
[Round "4"]
[White "Grunberg,M"]
[Black "Marjanovic,S"]
[Result "0-1"]
[WhiteElo "2445"]
[BlackElo "2485"]

1.Nf3 d5 2.c4 e6 3.g3 dxc4 4.Qa4+ Nd7 5.Qxc4 a6 6.d4 Ngf6 7.Bg2 b5 8.Qd3 Bb7
9.Nc3 c5 10.dxc5 Bxc5 11.O-O O-O 12.Ng5 Bxg2 13.Kxg2 Ne5 14.Qxd8 Rfxd8 15.Nge4 Bd4
16.Nxf6+ gxf6 17.Ne4 Nc4 18.Rb1 Rac8 19.b3 Nb6 20.Bb2 Bxb2 21.Rxb2 Kg7 22.Ra1 a5
23.a4 Rd4 24.Nd2 bxa4 25.bxa4 Rxa4 26.Rxa4 Nxa4 27.Ra2 Nb6 28.Rxa5 Rc2 29.Rb5 Nc8
30.Ne4 Rxe2 31.Rc5 Nb6 32.Kf3 Rb2 33.Rc7 Nd5 34.Rd7 Rb3+ 35.Kg2 Kg6 36.h4 h5
37.Nd6 Rd3 38.Rd8 Nb4 39.Rg8+ Kh7 40.Rd8 Nc6 41.Rd7 Kg6 42.f4 f5 43.Kf2 f6
44.Kg2 e5 45.Kf2 e4 46.Ke1 Nd4 47.Kf1  0-1

[Event "11th Open"]
[Site "Kavala GRE"]
[Date "2002.08.12"]
[Round "4"]
[White "Janssen,R"]
[Black "Trajkovic,P"]
[Result "1-0"]
[WhiteElo "2468"]
[BlackElo "2351"]

1.Nf3 d5 2.c4 e6 3.d4 Nf6 4.Nc3 c5 5.cxd5 Nxd5 6.e4 Nxc3 7.bxc3 cxd4 8.cxd4 Bb4+
9.Bd2 Bxd2+ 10.Qxd2 O-O 11.Bc4 Nc6 12.O-O b6 13.Rad1 Na5 14.Bd3 Bb7 15.Qf4 Qf6
16.Qg3 Qg6 17.Qh3 Rfd8 18.d5 exd5 19.exd5 Qh6 20.Qxh6 gxh6 21.Be4 Nc4 22.Nh4 Nd6
23.Bf3 Rac8 24.Rd2 Rc3 25.g3 Rdc8 26.Rfd1 b5 27.Bg4 Rd8 28.Ng2 a5 29.Ne3 b4
30.Rd4 Bc8 31.Kg2 Re8 32.Rf4 Kg7 33.Be2 Bd7 34.Bd3 Rb8 35.Nc4 Nxc4 36.Bxc4 Rc8
37.Rdd4 f5 38.d6 Rf8 39.Kh3 a4 40.Bd5 b3 41.axb3 axb3 42.Rb4 Rf6 43.Bxb3 Rxd6
44.Rb7 Kg6 45.Ba4 Rcd3 46.Bc2 R3d5 47.Kh4 Rd4 48.Rxd4 Rxd4+ 49.f4 Rd2 50.h3 Rxc2
51.Rxd7 Rh2 52.Rd6+ Kg7 53.Ra6 Rh1 54.g4 fxg4 55.Kxg4 Re1 56.Kf5 Re7 57.Rd6 h5
58.h4 Kf7 59.Rh6 Kg7 60.Rxh5 h6 61.Kg4 Ra7 62.Rd5 Rf7 63.Rd6 Rf8 64.h5 Rb8
65.Kf5 Rb5+ 66.Ke6 Rxh5 67.f5 Rh2 68.Rd7+ Kg8 69.Rd8+ Kh7 70.f6 Re2+ 71.Kf7 Rb2
72.Kf8 Rb7 73.f7 h5 74.Ke8  1-0

[Event "FSFM August"]
[Site "Budapest HUN"]
[Date "2002.08.15"]
[Round "13"]
[White "Szirmai,Ed"]
[Black "Kretov,E"]
[Result "1-0"]
[WhiteElo "2177"]
[BlackElo "2125"]

1.Nf3 d5 2.c4 e6 3.b3 Nf6 4.Bb2 c5 5.e3 Nc6 6.Be2 Be7 7.O-O O-O 8.cxd5 exd5
9.d4 b6 10.Nc3 Bb7 11.Rc1 Re8 12.dxc5 bxc5 13.Na4 Ne4 14.Nd2 Qa5 15.Nxe4 dxe4
16.Bc4 Bf8 17.Qh5 Nd8 18.Rfd1 g6 19.Qh4 Ne6 20.Rd7 g5 21.Qh5 Re7 22.Bxe6 fxe6
23.Qxg5+ Kf7 24.Qh5+ Kg8 25.Rxe7 Bxe7 26.Qe5 Kf7 27.Qg7+ Ke8 28.Nxc5 Bxc5
29.Qxb7  1-0

[Event "11th Open"]
[Site "Kavala GRE"]
[Date "2002.08.15"]
[Round "7"]
[White "Halkias,S"]
[Black "Kiss,Pa"]
[Result "1/2-1/2"]
[WhiteElo "2550"]
[BlackElo "2395"]

1.Nf3 d5 2.c4 c6 3.e3 Nf6 4.Nc3 a6 5.b3 Bg4 6.Be2 e6 7.O-O Nbd7 8.Bb2 Bd6
9.h3 Bh5 10.d4 b5 11.Ne5 Bxe2 12.Nxe2 Qc7 13.f4 O-O 14.Qc2 Rac8 15.c5 Be7
16.Ng3 g6 17.b4 Ra8 18.a4 Rfb8 19.Bc3 Ne8 20.Nd3 f5 21.Ra3 Qb7 22.Ne2 Nc7
23.Rfa1 Nf6 24.Nec1 Ne4 25.Nb3 bxa4 26.Na5 Qb5 27.Ne5 Bh4 28.Nd3 Bf6 29.Rxa4 Kh8
30.Be1 Rg8 31.h4 h6 32.Ne5 Bxe5 33.dxe5 g5 34.hxg5 hxg5 35.Nb3 gxf4 36.Nd4 Qb7
37.exf4 Rg6 38.R4a3 Rh6 39.Rh3 Rxh3 40.gxh3 Rg8+ 41.Kh2 Nb5 42.Nf3  1/2-1/2

[Event "Ciuc Premium A1"]
[Site "Miercurea Ciuc ROM"]
[Date "2002.08.20"]
[Round "2"]
[White "Stuermer,M"]
[Black "Fugulyan,G"]
[Result "1-0"]
[WhiteElo "2052"]
[BlackElo "2087"]

1.Nf3 d5 2.c4 c6 3.e3 Nf6 4.b3 Bf5 5.Bb2 Nbd7 6.Be2 e6 7.O-O Bd6 8.d4 O-O
9.Nbd2 h6 10.Ne5 Ne4 11.f3 Nxd2 12.Qxd2 Bxe5 13.dxe5 Qc7 14.Qc3 dxc4 15.Bxc4 Rac8
16.e4 Bg6 17.Rad1 b5 18.Be2 a5 19.Rd2 Qb6+ 20.Kh1 Rfd8 21.Rfd1 Nf8 22.Rd6 Rxd6
23.exd6 f6 24.e5 Nd7 25.exf6 gxf6 26.Bd3 Bxd3 27.Qxd3 Kg7 28.Qe4 Re8 29.Qg4+ Kh7
30.Qh5 Rg8 31.Bd4 Qd8 32.Qf7+ Rg7 33.Qxe6 c5 34.Bb2 Qg8 35.Qf5+ Kh8 36.Bxf6 Nxf6
37.Qxf6  1-0

[Event "Open"]
[Site "Nikea GRE"]
[Date "2002.08.20"]
[Round "2"]
[White "Pinchuk,S"]
[Black "Danchenko,D"]
[Result "1-0"]
[WhiteElo "2425"]
[BlackElo "2010"]

1.Nf3 d5 2.c4 c6 3.d4 Nf6 4.Nc3 Bf5 5.cxd5 cxd5 6.Qb3 b6 7.Bg5 e6 8.e4 dxe4
9.Bb5+ Ke7 10.Nh4 Nd7 11.Nxf5+ exf5 12.Qd5 h6 13.Bxf6+  1-0

[Event "XIV Open"]
[Site "Porto San Giorgio ITA"]
[Date "2002.08.20"]
[Round "1"]
[White "Efimov,I"]
[Black "Ciampi,V"]
[Result "1-0"]
[WhiteElo "2463"]
[BlackElo "2109"]

1.Nf3 d5 2.c4 c6 3.e3 Nf6 4.b3 Bg4 5.Bb2 Nbd7 6.Be2 e6 7.h3 Bxf3 8.Bxf3 Bd6
9.O-O O-O 10.Nc3 Qe7 11.a3 Rfd8 12.d3 dxc4 13.bxc4 Ne5 14.Be2 a6 15.Qc2 b5
16.c5 Bc7 17.d4 Ng6 18.f4 e5 19.fxe5 Nxe5 20.dxe5 Qxe5 21.Rxf6 gxf6 22.Ne4 Qh2+
23.Kf2 Be5 24.Nxf6+ Bxf6 25.Bxf6 Re8 26.Qf5 Re6 27.Qg5+  1-0

[Event "Saraybahce GP"]
[Site "Kocaeli TUR"]
[Date "2002.08.23"]
[Round "7"]
[White "Ehlvest,J"]
[Black "Gurevich,M"]
[Result "1/2-1/2"]
[WhiteElo "2600"]
[BlackElo "2649"]

1.Nf3 d5 2.c4 c6 3.e3 Nf6 4.d4 Bf5 5.Nc3 e6 6.Nh4 Bg4 7.Qb3 Qb6 8.h3 Bh5
9.g4 Bg6 10.Nxg6 hxg6 11.g5 Nfd7 12.e4 dxe4 13.Be3 e5 14.O-O-O exd4 15.Rxd4 Qxb3
16.Rxe4+ Be7 17.axb3 Na6  1/2-1/2

[Event "Open"]
[Site "Nikea GRE"]
[Date "2002.08.24"]
[Round "6"]
[White "Dimitriou,G"]
[Black "Zamit,S"]
[Result "1-0"]
[WhiteElo "2249"]
[BlackElo "2094"]

1.Nf3 d5 2.c4 e6 3.g3 Nf6 4.Bg2 c6 5.b3 Be7 6.O-O O-O 7.Bb2 Nbd7 8.d4 Re8
9.Nbd2 c5 10.e3 b6 11.Ne5 Bb7 12.Ndf3 h6 13.Nxd7 Nxd7 14.Ne5 Nxe5 15.dxe5 Qc7
16.cxd5 exd5 17.Bxd5 Rad8 18.e4 Bf8 19.Qf3 g6 20.e6  1-0

[Event "ch-FRA"]
[Site "Val d'Isere FRA"]
[Date "2002.08.24"]
[Round "6"]
[White "Vaisser,A"]
[Black "Skripchenko,A"]
[Result "1-0"]
[WhiteElo "2581"]
[BlackElo "2497"]

1.Nf3 d5 2.c4 dxc4 3.e3 e6 4.Bxc4 c5 5.b3 Nf6 6.Bb2 Nc6 7.O-O Be7 8.Qe2 a6
9.a4 b6 10.Rd1 Bb7 11.Nc3 O-O 12.d4 Qc7 13.d5 exd5 14.Nxd5 Nxd5 15.Bxd5 Rad8
16.e4 Nb4 17.Bc4 Qf4 18.Rxd8 Bxd8 19.Re1 Bc7 20.g3 Qg4 21.Be5 Qd7 22.Rd1 Qe7
23.Bxc7 Qxc7 24.Ng5 b5 25.axb5 axb5 26.Bxf7+ Rxf7 27.Ne6  1-0

[Event "22nd Open"]
[Site "Bratto ITA"]
[Date "2002.08.26"]
[Round "7"]
[White "Bellini,F"]
[Black "Castaldo,F"]
[Result "1/2-1/2"]
[WhiteElo "2500"]
[BlackElo "2319"]

1.Nf3 d5 2.c4 c6 3.b3 Nf6 4.Bb2 Bg4 5.g3 e6 6.Bg2 Nbd7 7.O-O Bd6 8.d4 O-O
9.Nbd2 Qe7 10.Ne5 Bf5 11.f3 Nxe5 12.dxe5 Bc5+ 13.Kh1 Nd7 14.f4 Rfd8 15.cxd5 cxd5
16.e4 Bxe4 17.Nxe4 dxe4 18.Bxe4 Nxe5 19.Bxh7+ Kxh7 20.Qh5+ Kg8 21.Qxe5 f6
22.Qe4 Qd7 23.Rfe1 Kf7 24.Re2 Rac8 25.Rae1 Rc6 26.Rc1 Bb6 27.Rxc6 bxc6 28.Kg2 Qd5
29.Kf3 Qh5+ 30.Kg2 Qd5 31.Kf3 Qh5+  1/2-1/2

[Event "Botvinnik Mem B"]
[Site "Elista RUS"]
[Date "2002.08.26"]
[Round "9"]
[White "Mantsinov,E"]
[Black "Shabanov,Y"]
[Result "1/2-1/2"]
[WhiteElo "2158"]
[BlackElo "2445"]

1.Nf3 d5 2.c4 c6 3.g3 Nf6 4.Bg2 Bg4 5.cxd5 Bxf3 6.Bxf3 cxd5 7.Qb3 Qc7 8.Nc3 e6
9.d3 Nc6 10.Bf4 Qd7 11.Bg2 Be7 12.Rc1 O-O 13.O-O Rfc8 14.e4  1/2-1/2

[Event "WY ol"]
[Site "Kuala Lumpur MAS"]
[Date "2002.08.26"]
[Round "8"]
[White "Bairamov,P"]
[Black "Saeed,M"]
[Result "0-1"]
[WhiteElo "2043"]
[BlackElo "2072"]

1.Nf3 d5 2.c4 e6 3.g3 Nf6 4.Bg2 c6 5.O-O Be7 6.d4 O-O 7.Nc3 Nbd7 8.b3 b6
9.Re1 Bb7 10.Bb2 c5 11.cxd5 Nxd5 12.Nxd5 Bxd5 13.e4 Bb7 14.Qd3 cxd4 15.Nxd4 Nc5
16.Qe2 Ba6 17.Qg4 h5 18.Qxh5 Nd3 19.Nc6 Qc7 20.Nxe7+ Qxe7 21.Re2 Rac8 22.Bd4 Rfd8
23.Be3 Nb4 24.Rd2 Nc2 25.Rad1 Nxe3 26.fxe3 Rxd2 27.Rxd2 Rc1+ 28.Kf2 g6 29.Qf3 Qc5
30.h4 Qc3 31.Rd8+ Kg7 32.Rd1 Qc2+ 33.Ke1 Rxd1+ 34.Qxd1 Qxg2 35.Qd4+ Kh7 36.Kd1 Qe2+
37.Kc1 Bd3 38.Qc3 Qxe3+ 39.Kb2 Qxe4 40.Qc7 Qd4+ 41.Kc1 Qc5+ 42.Qxc5 bxc5  0-1

[Event "Banc-Post A2"]
[Site "Miercurea Ciuc ROM"]
[Date "2002.08.26"]
[Round "1"]
[White "Farkas,Lo"]
[Black "Illes,S"]
[Result "1-0"]
[WhiteElo "2088"]
[BlackElo "2008"]

1.Nf3 d5 2.c4 dxc4 3.e3 Nf6 4.Bxc4 e6 5.O-O c5 6.Nc3 a6 7.d4 b5 8.Be2 Bb7
9.a3 Nbd7 10.Bd2 Be7 11.b4 cxb4 12.axb4 Bxb4 13.Nxb5 Be7 14.Ba5 Nb6 15.Nc3 Bd6
16.Na4 Bc7 17.Rc1 Nfd7 18.Qc2 Rc8 19.Nc5 Nxc5 20.dxc5 Nd7 21.Bb4 Bb8 22.Qb2 Qc7
23.c6 Bxc6 24.Qxg7 Rf8 25.Bxf8 Nxf8 26.Bxa6 Rd8 27.Qc3 Rd6 28.Ne5  1-0

[Event "ch-RUS"]
[Site "Krasnodar RUS"]
[Date "2002.08.29"]
[Round "3"]
[White "Ovetchkin,R"]
[Black "Maiorov,O"]
[Result "0-1"]
[WhiteElo "2557"]
[BlackElo "2458"]

1.Nf3 d5 2.c4 c6 3.d4 e6 4.Nc3 dxc4 5.e3 b5 6.a4 Bb4 7.Nd2 Qb6 8.Qg4 Kf8
9.axb5 cxb5 10.Nd5 exd5 11.Qxc8+ Ke7 12.g3 Qc6 13.Bh3 a5 14.Qg4 Nf6 15.Qe2 Re8
16.O-O Kf8 17.Nf3 Nbd7 18.Qc2 a4 19.Nh4 Kg8 20.f3 Bf8 21.g4 h6 22.Nf5 b4
23.Bg2 b3 24.Qf2 a3 25.e4 axb2 26.Bxb2 Rxa1 27.Bxa1 c3 28.e5 g6 29.Ne3 Ba3
30.Nc2 bxc2 31.Qxc2 Bb4 32.exf6 Qc4 33.Bh1 Nxf6 34.Rc1 Re2 35.Qd1 c2 36.Qf1 Ba3  0-1

[Event "Open"]
[Site "Padron ESP"]
[Date "2002.08.30"]
[Round "9"]
[White "Barlov,D"]
[Black "Perez,Lu"]
[Result "1-0"]
[WhiteElo "2422"]
[BlackElo "2384"]

1.Nf3 d5 2.c4 c6 3.d4 Nf6 4.Qc2 dxc4 5.Qxc4 Bf5 6.g3 e6 7.Bg2 Be7 8.O-O O-O
9.Bg5 Nbd7 10.Bxf6 Bxf6 11.Nc3 Rc8 12.e4 Bg4 13.Rad1 Nb6 14.Qd3 Qd7 15.Qe3 Rfd8
16.e5 Be7 17.h3 Bf5 18.Qe2 Nd5 19.Nh2 Bb4 20.Ne4 Bxe4 21.Bxe4 Be7 22.Nf3 c5
23.dxc5 Rxc5 24.Rd2 Qa4 25.Rfd1 g6 26.a3 Qc6 27.Nd4 Qc7 28.Nb3 Rc6 29.Bxd5 exd5
30.Rxd5 Rxd5 31.Rxd5 Rc2 32.Qd3 Rxb2 33.Nd2 Qc1+ 34.Kg2 Qc6 35.Ne4 b6 36.Nd6 Rc2
37.Qf3 f5 38.Rd3 Qxf3+ 39.Kxf3 Rc5 40.Kf4 Kf8 41.g4 fxg4 42.hxg4 Ra5 43.Ke4 Bg5
44.Nc4 Ra4 45.Kd5 Ke7 46.Rc3 h6 47.Kc6 a6 48.Kd5 Bh4 49.Nxb6 Rxg4 50.Rc7+ Ke8
51.Ke6 Kf8 52.Nd7+ Kg8 53.Rc8+ Kh7 54.f3 Rg1 55.Kf7 h5 56.Nf8+ Kh6 57.Nxg6 Bg3
58.f4 Bxf4 59.Nxf4 Rf1 60.Rc4 h4 61.e6 h3 62.e7 h2 63.e8=Q h1=Q 64.Qe6+ Kg5
65.Qg6+ Kh4 66.Qh5+ Kg3 67.Qg5+ Kf3 68.Qd5+ Kg4 69.Qxh1 Rxh1  1-0

[Event "LAT-EST Match"]
[Site "Riga LAT"]
[Date "2002.08.31"]
[Round "?"]
[White "Ilarionovs,D"]
[Black "Gomon,D"]
[Result "1-0"]
[WhiteElo "2190"]
[BlackElo "2095"]

1.Nf3 d5 2.c4 e6 3.e3 f5 4.d4 c6 5.Bd3 Nf6 6.O-O Bd6 7.Qc2 Ne4 8.Nfd2 O-O
9.f3 Qh4 10.f4 Nd7 11.Nf3 Qh5 12.Be2 Qh6 13.Nc3 Ndf6 14.Ne5 Bd7 15.Nxe4 fxe4
16.Bd2 g5 17.Qb3 gxf4 18.Rxf4 Qg7 19.Raf1 Be8 20.Bb4 Bxb4 21.Qxb4 Bg6 22.g4 Nd7
23.Nxg6 hxg6 24.Qxb7 Rab8 25.Rxf8+ Rxf8 26.Qxc6 Rxf1+ 27.Bxf1 Qf7 28.Bg2 Nf8
29.c5 Qe7 30.Qa6 e5 31.Qc6 Qe6 32.Qxe6+ Nxe6 33.c6 exd4 34.exd4 Kf7 35.Kf2 Ke7
36.Ke3 Kd6 37.h4 Kxc6 38.g5 Kd6 39.Bh3 Ng7 40.Bg4 Ke7  1-0

[Event "21st NAO"]
[Site "Las Vegas USA"]
[Date "2002.09.01"]
[Round "6"]
[White "Kamberi,S"]
[Black "Baburin,A"]
[Result "1/2-1/2"]
[WhiteElo "2298"]
[BlackElo "2580"]

1.Nf3 d5 2.c4 e6 3.d4 dxc4 4.e3 a6 5.Bxc4 Nf6 6.O-O b5 7.Be2 Nbd7 8.a4 b4
9.Nbd2 Bb7 10.Nb3 c5 11.Bd2 cxd4 12.exd4 Be7 13.Rc1 O-O 14.Nc5 Nxc5 15.dxc5 Nd5
16.c6 Bc8 17.Bc4 Qd6 18.Bxd5 Qxd5 19.Bg5 Qxd1 20.Rfxd1 f6 21.Be3 e5 22.Nd2 Be6
23.Ne4 Rfd8 24.Bb6 Rd5 25.c7 Rc8 26.Rxd5 Bxd5 27.Nc5 Bxc5 28.Rxc5 Be6 29.Rc6 Kf7
30.Rd6 Re8 31.Ba5 Bc8 32.Bxb4 Re6 33.Rd1 Rb6 34.Ba5 Rxb2 35.h3 Rc2 36.Bb6 Be6
37.a5 f5 38.Rd8 e4 39.Ra8 f4 40.Rxa6 Ke7 41.Ra7 Kd7 42.c8=Q+ Kxc8 43.Rxg7 Bd5
44.Rxh7 e3 45.fxe3 Rxg2+ 46.Kf1 f3 47.Rc7+ Kb8 48.a6 Be6 49.Rb7+  1/2-1/2

[Event "II Open"]
[Site "Poio ESP"]
[Date "2002.09.01"]
[Round "2"]
[White "Barlov,D"]
[Black "Salgado Gonzalez,J"]
[Result "1-0"]
[WhiteElo "2422"]
[BlackElo "2062"]

1.Nf3 d5 2.c4 c6 3.d4 Nf6 4.Qc2 Bg4 5.Ne5 Nbd7 6.Nxg4 Nxg4 7.cxd5 cxd5 8.Nc3 e6
9.e4 Bb4 10.exd5 exd5 11.Be2 Ngf6 12.O-O O-O 13.Qb3 Bxc3 14.bxc3 Nb6 15.Bg5 Qd6
16.Bxf6 Qxf6 17.a4 Qc6 18.a5 Nd7 19.Bb5 Qd6 20.Qb4 Qxb4 21.cxb4 Nf6 22.Rfe1 Ne4
23.Rac1 Rfc8 24.Bd7 Rc3 25.f3 Rxc1 26.Rxc1 Nf6 27.Bc8 b6 28.a6 Kf8 29.Bf5 Ne8
30.Bd7 Rd8 31.Ba4 Ke7 32.Kf2 Rd6 33.Rc8 Rd8 34.Rc3 Rd6 35.Ke3 Kd8 36.Bxe8 Kxe8
37.Rc7 Rd7 38.Rc6 Ke7 39.Kf4 f6 40.h4 Rd6 41.Rc8 Rd8 42.Rc2 Rd6 43.h5 Rd7
44.g4 Kd6 45.Kf5 Ke7 46.Rc6 Kf7 47.h6 g6+ 48.Kf4 Ke7 49.g5 fxg5+ 50.Kxg5 Kf7
51.f4  1-0

[Event "IM"]
[Site "Kostrena CRO"]
[Date "2002.09.02"]
[Round "5"]
[White "Mandekic,I"]
[Black "Dumpor,A"]
[Result "0-1"]
[WhiteElo "2258"]
[BlackElo "2376"]

1.Nf3 d5 2.c4 c6 3.g3 Nf6 4.Bg2 g6 5.cxd5 cxd5 6.d4 Bg7 7.O-O O-O 8.Nc3 Nc6
9.Ne5 e6 10.Bf4 Nxe5 11.Bxe5 Bd7 12.Na4 Bxa4 13.Qxa4 Nd7 14.Bxg7 Kxg7 15.Qb4 Qb6
16.Qd2 Rfc8 17.Rfc1 a5 18.Rc3 Rxc3 19.Qxc3 Qb4 20.Rc1 Nb6 21.a3 Qb5 22.Qe1 Qxb2
23.h4 Qxa3 24.h5 Qb4 25.Qd1 Nc4 26.Rb1 Qd2 27.Qb3 b6 28.e4 a4 29.Qb5 a3 30.exd5 a2
31.Ra1 Qxd4 32.dxe6 Qxa1+ 33.Kh2 Ra5 34.h6+ Kxh6 35.exf7 Rxb5 36.f8=Q+ Qg7
37.Qf4+ Rg5  0-1

[Event "IM"]
[Site "Kostrena CRO"]
[Date "2002.09.04"]
[Round "7"]
[White "Mikac,M"]
[Black "Jurkovic,H"]
[Result "1/2-1/2"]
[WhiteElo "2410"]
[BlackElo "2399"]

1.Nf3 d5 2.c4 e6 3.d4 Nf6 4.Nc3 Nbd7 5.cxd5 exd5 6.Bg5 Be7 7.e3 Nf8 8.Bd3 Ne6
9.Bh4 O-O 10.Qc2 g6 11.O-O Ng7 12.b4 Nf5 13.Bxf6 Bxf6 14.b5 Be6 15.Rfc1 Be7
16.Qb3 Bd6 17.a4  1/2-1/2

[Event "IM"]
[Site "Kostrena CRO"]
[Date "2002.09.05"]
[Round "8"]
[White "Mandekic,I"]
[Black "Doric,N"]
[Result "1/2-1/2"]
[WhiteElo "2258"]
[BlackElo "2408"]

1.Nf3 d5 2.c4 c6 3.g3 Bg4 4.Bg2 e6 5.cxd5 Bxf3 6.Bxf3 cxd5 7.O-O Nf6 8.d3 Nc6
9.Nc3 Be7 10.Bd2 O-O 11.Bg2 Nd7 12.a3 Nb6 13.b4 a6 14.Qb3 Qd7 15.Rfc1 Rfc8
16.Qd1 Rc7  1/2-1/2